Statistiken für Ortsteile Jenas mit Karte

Klicken Sie hier um das Quiz zu spielen!

Allgemein

  • Dieses Quiz wurde 28 mal gespielt
  • Das Durchschnittsergebnis liegt bei 16 aus 30

Antworten auf der Karte

Die Antworten werden auf der Karte rot bzw. grün angezeigt, abhängig davon wie oft sie richtig erraten wurden.
 

Antwortstatistiken

Ortsteil% Korrekt
Göschwitz
95%
Lobeda-Altsadt
95%
Jena-West
90%
Jena-Nord
85%
Jena-Zentrum
80%
Winzerla
75%
Zwätzen
75%
Burgau
65%
Jena-Süd
65%
Wöllnitz
55%
Ammerbach
50%
Kunitz/Laasan
50%
Lichtenhain
50%
Maua
50%
Neulobeda
50%
Wenigenjena
50%
Cospeda
45%
Drackendorf
45%
Jenaprießnitz/Wogau
45%
Closewitz
40%
Ilmnitz
40%
Isserstedt
40%
Leutra
40%
Ziegenhain
40%
Krippendorf
35%
Lützeroda
35%
Vierzehnheiligen
35%
Löbstedt
30%
Münchenroda/Remderoda
30%
Kernberge
25%

Verteilung der Resultate

Perzentil nach korrekt beantworteten Fragen

Anzahl Personen mit jedem Resultat

Ihre Resultats-Entwicklung

Sie haben dieses Quiz noch nicht gespielt